Star Wars - Le chemin du côté obscur - Yoda - Statistiques

Statistiques générales
  • Ce quiz a été pris 374 fois
  • Le résultat moyen est 21 sur 29
Statistiques - réponses
Réponse % Correct
La
93%
La
93%
la
93%
la
93%
la
93%
la
93%
la
93%
à
90%
à
90%
à
90%
haine,
90%
haine
90%
mène
90%
mène
90%
mène
90%
colère,
87%
colère
87%
peur
81%
peur
81%
obscur.
75%
côté
73%
souffrance.
70%
le
54%
est
39%
chemin
37%
du
34%
Tout
9%
ça
8%
change ...
7%
Aucun quiz correspondant
Distribution des résultats
% des personnes avec chaque résultat
Percentile par nombre de réponses
Votre historique - résultats
Vous n’avez pas pris ce quiz